000 01024nam0a22002891 4500
001 rc\471299
005 20030616172427.7
035 _a(NLR Aleph) 005714978
090 _a7417827
_c7417827
100 _a20030616d1987 u |0rusy50 ca
101 0 _arus
102 _aRU
105 _aa |||||||||
200 1 _aФедор Лидваль
210 _aЛ.
_cЛениздат
_d1987
215 _a95, [2] с., [16] л. ил.
_d17
225 1 _aЗодчие нашего города
320 _aБиблиогр.: с. 95-96
600 1 _aЛидваль
_bФ.И.
_gФедор Иванович
_2psbo
700 1 _aИсаченко
_bВ. Г.
_gВалерий Григорьевич
701 1 _aОль
_bГ. А.
_gГалина Андреевна
801 0 _aRU
_bNLR
_gpsbo
801 1 _aRU
_bELAR
_2rusmarc
852 _aNLR
_j87-2/1612
942 _cBOOK
980 _aNB
981 4 3 _a(43) Тематическая подборка Санкт-Петербург
_b(43) Градостроительство и архитектура